Ed school : a brief for professional education /

Bibliographic Details
Main Author: Clifford, Geraldine Jonçich
Other Authors: Guthrie, James W.
Format: Book
Language:English
Published: Chicago : University of Chicago Press, 1988.
Subjects:

MARC

Tag First Indicator Second Indicator Subfields
LEADER 00000cam a2200000 a 4500
001 in00000030261
005 20151007060245.0
008 871027s1988 ilu b 00110 eng
010 |a  87030147  
020 |a 0226110176 
035 |a (OCoLC)16984296 
035 |9 AAC0426AM 
040 |a DLC  |c DLC  |d TXA  |d UtOrBLW 
043 |a n-us--- 
049 |a TXAM  |c [A11691413] 
050 0 0 |a LB2165  |b .C59 1988 
082 0 |a 370/.7/10973  |2 19 
100 1 |a Clifford, Geraldine Jonçich. 
245 1 0 |a Ed school :  |b a brief for professional education /  |c Geraldine Jonçich Clifford, James W. Guthrie. 
264 1 |a Chicago :  |b University of Chicago Press,  |c 1988. 
300 |a xi, 413 pages ;  |c 24 cm. 
336 |a text  |b txt  |2 rdacontent 
337 |a unmediated  |b n  |2 rdamedia 
338 |a volume  |b nc  |2 rdacarrier 
504 |a Bibliography: pages 369-394. 
500 |a Includes index. 
650 0 |a Teachers  |x Training of  |z United States  |x History. 
650 0 |a Universities and colleges  |z United States  |x History. 
650 0 |a Education  |x Study and teaching (Higher)  |z United States  |x History. 
700 1 |a Guthrie, James W. 
999 |a MARS 
999 f f |s cbf5d5e9-feee-377e-a45d-4b97663ecec5  |i 9a6e85cb-974a-3639-8dd5-e6af0fb36e81  |t 0 
952 f f |p normal  |a Texas A&M University  |b College Station  |c Sterling C. Evans Library  |d Evans: Library Stacks  |t 0  |e LB2165 .C59 1988  |h Library of Congress classification  |i unmediated -- volume  |m A14811691413 
998 f f |a LB2165 .C59 1988  |t 0  |l Evans: Library Stacks